zpět

Detail výsledku týmu

BB69, Hradec Králové

Datum a čas kvízu

29.5 Celkem bodů Celkový počet nahraných bodů na tomto kvízu bez doplňovacích otázek.
6. Pořadí na kvízu Konečné umístění týmu na tomto kvízu.

Zaznamenané odpovědi

# Otázka Odpověď Body Výsledky
1. Ti, kteří se pořádně zaměřili... Bureši, čaú 1
2. Tlaková níže a s ní spojené si... Axel 1
3. Režisér Quentin Tarantino, jeh... Aby nezveřejňovali obsah filmu. 0
4. Mobilní operátor Vodafone minu... účtování hovorů po minutách 0
5. V pondělí nás opustil Niki Lau... Ferrari, McLaren 0.5
6. Jakou barvu má pruh, který je... černou 1
7. Jaká barva kromě zelené a bílé... žádná 1
8. Na thajské vlajce nenajdeme pr... C 1
9. Slovinskou vlajku tvoří znak v... prostřední 0
10. Který z pruhů na vlajce Maďars... A 0